000 00597nam a2200229Ia 4500
003 OSt
005 20220918211128.0
006 a|||||r|||| 00| 0
007 ta
008 220917b |||||||| |||| 00| 0 eng d
024 _a123,430
037 _cTextual
040 _aARTS
_cARTS
_beng
041 _2eng
_aeng
082 _aV1:19, J6(EV)
100 _aPanikar K M
_998273
245 0 _aPrinciple and practice of diplomacy
260 _aBombay
_bAsia
_c1956
650 _aPOLITICAL SCIENCE
942 _hV1:19, J6(EV)
_cTEXL
_2CC
999 _c246619
_d246619